O sorriso do flamingo : reflexões sobre história natural (Registo nº 200128)

Detalhes MARC
000 -Etiqueta do registo
Valores 00731nam 22002173 4500
010 ## - Número ISBN
ISBN 972-42-0269-0
021 ## - Número do Depósito Legal
Código do país Portugal
Número 44199/91
100 ## - Dados gerais de processamento
Dados gerais 20260122d u||y0pory50 ba
200 ## - Titulo e menção de responsabilidade
Título próprio O sorriso do flamingo : reflexões sobre história natural
Primeira menção de responsabilidade Stephen Jay Gould
Outras menções de responsabilidade tradução de Carlos Marques da Silva
210 ## - Publicação
Local de publicação [Lisboa]
Nome do editor Círculo de Leitores
Data de publicação imp. 1991
215 ## - Descrição física 
Paginação / Volumes 479 p.
Outras indicações físicas encadernado
Dimensões 22 cm
225 ## - Colecção 
Título próprio da colecção Biblioteca de divulgação científica
606 ## - Nome comum usado como assunto
ID Autoridade 12863
Palavra de ordem Biologia geral e teórica
675 ## - CDU
Notação 573
Edição PT
Língua por
700 ## - Autor principal (pessoa individual)
ID Autoridade 15943
Apelido Gould
Nome Stephen Jay Gould
Datas 1941-2002
702 ## - Autor secundário (pessoa individual)
ID Autoridade 15944
Apelido Silva
Nome Carlos Marques da
801 ## - Fonte de origem
País PT
Agência BMMN
Regras de catalogação RPC
830 ## - Notas gerais do catalogador
Criado por Vanda
990 ## - Elementos KOHA
Tipo de documento Livro
Exemplares
Situação do levantamento Biblioteca de origem Código de barras Cota Permissão de empréstimo Tipo de documento Forma de aquisição
  Biblioteca Municipal de Montemor-o-Novo 29215 573 GOU|DEP   Livro Compra

Powered by Koha